K problémům v hospodaření agrochemických podniků

Bibliographic Details
Main Author: Janíček, František, 1954-2024 (Author)
Format: Article
Language:Slovak
Czech
PhysicalDescription:Tb. 5.
Subjects:

MARC

LEADER 00000nab a2200000 a 4500
001 vtls000236794
003 SK-MaSNL
005 20260514034030.0
008 250422c1986 xo 0 slo
015 |a SNBRB19rr/mm-uuuuu 
035 |a CL0246908 
035 |a urn:nbn:sk:snk-ab2pok 
035 |a (urnnbn)urn:nbn:sk:snk:ar-a02qjs 
035 |a (uuid)a2341c4f-4471-451e-bf96-4eb278c641a1 
040 |a SNKBUCL  |b slo  |c SNKBUCL  |e AACR2 
041 0 |a cze 
044 |a xo  |c SK 
080 |a 631.173:657.471.1  |2 1981 
080 |a 657.471.1  |2 1981 
100 1 |a Janíček, František,  |d 1954-2024  |4 aut  |9 213813 
245 1 0 |a K problémům v hospodaření agrochemických podniků  |c František Janíček 
300 |b Tb. 5. 
650 0 7 |a podniky agrochemické  |2 snkbucl  |9 927006 
655 7 |a články z novín a časopisov  |2 snkbucl  |9 267496 
773 0 |t Ekonomika poľnohospodárstva  |g Roč. 25, č. 1 (1986), s. 37-39 
850 |a Slovenská národná knižnica 
852 |a Slovenská národná knižnica 
954 |a odborná, vedecká literatúra cudzojazyčná (svetová)  |2 lita 
958 |a article27 
958 |a RK 
958 |a CZ 
958 |a OND 
958 |a EUIPO 
992 |a RBX 
999 |c 2707939  |d 2709869